| 000 | 00970nam a2200229 a 4500 | ||
|---|---|---|---|
| 001 | 000007115 | ||
| 005 | 20250116163337.0 | ||
| 008 | 090904t2000 dr a r 001 0 spa d | ||
| 040 |
_aDO-SdBNP _bspa _cBNPHU |
||
| 082 |
_a371.3358 _bR426t |
||
| 110 | 1 |
_aRepública Dominicana. _bSecretaría de Estado de Educación y Cultura _918697 |
|
| 245 | 1 | 0 | _aTelevisión educativa. |
| 260 |
_aSanto Domingo : _bDe Colores, _c2000. |
||
| 300 |
_a119 p. : _bil. ; _c22 cm. |
||
| 490 | 1 |
_aGestión Educativa _v9 |
|
| 505 | 0 | _aAsociación de Televisión Educativa Iberoamericana (ATEI) -- Proyecto de Formación de Profesores de Ciencias(FORCIENCIAS) -- Radio Educativa Dominicana -- Televisión Educativa. | |
| 650 | 4 |
_aTelevisión en la educación _zRepública Dominicana _919748 |
|
| 650 | 4 |
_aTelevisión educativa _zRepública Dominicana _919749 |
|
| 650 | 4 |
_aRadiodifusión educativa _919750 |
|
| 830 | 0 |
_aGestión Educativa _v9 _919751 |
|
| 910 | _aValidado. Control de calidad. EMS | ||
| 999 |
_c6896 _d6896 |
||